000
00279nam a2200109Ia 4500
008
210107s9999 xx 000 0 und d
100
_a
(The) United Kingdom Hydrographic Office
245
0
_a
Admiralty Tide Tables 2007
260
_a
London
_b
HMSO
490
_v
Vol. 2
942
_c
BK
999
_c
11403
_d
11403